|
|
|
|
| LEADER |
01239nam a2200373 a 4500 |
| 001 |
000564002 |
| 003 |
CZ BrMZK |
| 005 |
20210115145958.0 |
| 007 |
ta |
| 008 |
000115s2001 xr c cze d |
| 015 |
|
|
|a cnb001005264
|
| 020 |
|
|
|a 80-7151-167-6
|
| 035 |
|
|
|a (OCoLC)50342537
|
| 040 |
|
|
|a BOA001
|b cze
|
| 043 |
|
|
|a e------
|
| 072 |
|
7 |
|a 821-93
|x Literatura pro děti a mládež (beletrie)
|2 Konspekt
|9 26
|
| 072 |
|
7 |
|a 591
|x Obecná zoologie
|2 Konspekt
|9 2
|
| 080 |
|
|
|a 591.9
|2 MRF
|
| 080 |
|
|
|a (4)
|2 MRF
|
| 080 |
|
|
|a (0.062)
|2 MRF
|
| 080 |
|
|
|a (0.053.6)
|2 MRF
|
| 100 |
1 |
|
|a Felix, Jiří,
|d 1929-2008
|7 jk01030870
|
| 245 |
1 |
0 |
|a Zvířata Evropy /
|c napsal Jiří Felix ; ilustroval Květoslav Hísek
|
| 250 |
|
|
|a Vyd. 2.
|
| 260 |
|
|
|a Praha :
|b Aventinum,
|c 2001
|
| 300 |
|
|
|a 77 s. :
|b barev. il. ;
|c 33 cm
|
| 504 |
|
|
|a Obsahuje rejstříky
|
| 650 |
0 |
7 |
|a fauna
|7 ph114529
|z Evropa
|2 czenas
|
| 655 |
|
7 |
|a populárně-naučné publikace
|7 fd131864
|2 czenas
|
| 655 |
|
7 |
|a publikace pro mládež
|7 fd133157
|2 czenas
|
| 700 |
1 |
|
|a Hísek, Květoslav,
|d 1931-2016
|7 jk01041100
|
| 910 |
|
|
|a BOA001
|b 4-1086.835
|
| 990 |
|
|
|a BK
|
| 996 |
6 |
|
|b 2610137151
|c 4-1086.835
|l MZK
|r Sklad / do 1 hodiny
|n 0
|p p.v.
|w 000564002
|u 000010
|a 1
|e BOA001
|j MZK50
|s P
|